000 00396nam a2200169Ia 4500
008 230524s9999 xx 000 0 und d
020 _a8129705427
082 _a4.16
_bMIL
100 _aGene H.Miller
245 0 _aMicrocomputer Engineering
250 _a3RD
260 _aSINGAPORE
_bPearson
_c2004
300 _aXX;571
500 _aQuantity Number: 2
650 _aComp-Sc
942 _cBK
999 _c16532
_d16532